000 00521nam a2200181 4500
001 127094
003 ES-MaACL
005 20230906192937.0
007 t|
008 070214s1975 sp r ||||1| spa d
100 1 _aReyes, Alfonso,
_d1889-1959
_996554
245 1 0 _aProsa y poesía /
_cAlfonso Reyes ; edición de James Willis Robb.
260 _aMadrid :
_bCátedra,
_c1975.
300 _a206 p. ;
_c18 cm.
700 1 _aRobb, James Willis.
_9142167
852 _aES-MaACL
_jE-8971
_bR.93456
999 _c127094
_d127094